000 00388nam a2200145Ia 4500
008 231129s2015||||xx |||||||||||||| ||spa||
020 _a978-84-9871-404-3
040 _bspa
082 _a(i) A863 C186e
100 _aCampanari José
245 0 _aEs mi cumpleaños
260 _c2015
264 _aBogotá Colombia : Panamericana
942 _2ddc
_cBKS
999 _c13296
_d13296